LEADER 00922nam a2200217 i 4500 001 000000072038 003 CaOOAMICUS 005 20081209000000.0 008 081209s1967 it u000 u ita u 013 $a43210 040 $aSeMil$bita 100 1 $aCongresso nazionale di filosofia <21. ; 1967 ; Pisa>.$0(OLS)http://semarc/name/1045 245 10$aComunicazioni. 260 $a[Torino] :$bEdizioni di Filosofia,$cstampa 1967. 300 $a253 p. ;$c25 cm. 710 2 $aSocietà filosofica italiana.$0(OLS)http://semarc/name/1708 773 0 $aCongresso nazionale di filosofia <21. ; 1967 ; Pisa>$tUomo e la macchina.$d[Torino] : Edizioni di Filosofia $g2$w()1191 850 $aSeMil 852 $aSeMil$W1$xVenegono$y1$m2P IV 241$j38191$B38191$CSeMilBibl$Z2$F38194 $81 996 $6245$aComunicazioni$9(OLS)http://semarc/title/18808 996 $6260$a[Torino] :$bEdizioni di Filosofia$9(OLS)http://semarc/publisher/42986 LEADER 01306nam a2200253 i 4500 001 000000193566 003 CaOOAMICUS 005 20250926114516.0 008 101025s1896 it u000 u ita u 013 $a172209 040 $aSeMil$bita 100 1 $aFerrari, Andrea Carlo,$c.$0(OLS)http://semarc/name/8218 245 10$aFratelli e figli carissimi :$b[Milano, 13 aprile 1896]. 260 $aMilano :$bTip. arciv. di G. Giovanola e C.,$c1896. 300 $a[4] p. ;$c27 cm. 500 $aRilegato insieme ad altre lettere pastorali nel vol. con segnatura 2F-V-24 FA. 500 $aStemma dell'Arcivescovo A. Ferrari sul front. 650 4$aFerrari, Andrea Carlo - Scritti, discorsi, omelie, lettere pastorali, etc.$0(OLS)http://semarc/subject/37544 773 0 $aFerrari, Andrea Carlo $t[Lettere pastorali] 1-48 (1894-1897).$dComo : Tip. vescovile dell'Oratorio, 1894-1897.$g28$w()23895 850 $aSeMil 852 $aSeMil$W1$xVenegono$y1$m2F V 24/26 FA$j144140$B144140$CSeMilBibl$Z2$F155588 $8I 996 $6245$aFratelli e figli carissimi :$b[Milano, 13 aprile 1896]$9(OLS)http://semarc/title/279049 996 $6260$aMilano :$bTip. arciv. di G. Giovanola e C.$9(OLS)http://semarc/publisher/42230